000 00917nam a22002775b 4500
001 bimo0000459809
003 OSt
005 20140827113720.0
008 951123s1995 sp | ||| ||spa
020 _a968-25-2450-4
040 _cBMC
082 _a611.018
100 1 _aFawcett, Don Wayne
_924432
245 1 0 _aTratado de histología
_cDon W. Fawcett, William Bloom ; [traducción, Santiago Madero, Beatriz Serrano, Pilar Camps]
250 _a1ª ed., 2ª reimp
260 _aMadrid
_bMcGraw-Hill, Interamericana de España
_cD.L. 1995
300 _aXXII, 1044 p.
_bil.
_c25 cm
505 _aPrecede al tít.: Bloom, Fawcett
594 _1Traducción de la 12ª ed. de: A textbook of histology
650 2 4 _aHistología
_97970
700 1 _aSerrano, Beatriz
_924434
700 1 _aCamps, P.
_924159
700 1 _924265
_aMadero García, Santiago
700 1 _924433
_aBloom, William
942 _2ddc
_cBK
999 _c13240
_d13240